00372nam a2200121 a 450000500170000000800410001702000180005805000230007610000230009924500800012226000410020230000070024320140412111414.0070702s19uu xx 00 eng d a0-88625-094-3 aM 808.82bO65 1986 aDonev, Mary Kaizer aThe CHP book of mysteries :bthe strange, the bizarre, and the unexplained. aHongkong :bHayes publishing,c1986. a48